000 01275nam0a22002651 4500
001 v19\rc\2107674
005 20260405150631.0
035 _a(NLR Aleph) 005280261
090 _a6090961
_c6090961
100 _a20090914d1809 |||y0rusy50 ca
101 1 _arus
_ceng
102 _aRU
105 _ay z |||a|
200 1 _aЧетыре времени года
_eПоэма
_eС присовокуплением кратких замечаний о жизни, характере и сочинениях сего знаменитого английского писателя
_fТворение г. Попе
_gПеревод с английского М. Макарова
210 _aМосква
_cв Губернской типографии у А. Решетникова
_d1809
215 _a[10], 57 с.
_d13
700 1 _9z01790
_aПоп
_bА.
_f1688-1744
_gАлександр
702 1 _4730
_7ca
_8rus
_aМакаров
_bМ. Н.
_cписатель
_f1789-1847
_gМихаил Николаевич
_944849
_3RU\NLR\AUTH\7761919
790 1 _9z01700
_aПопе
_bА.
_f1688-1744
_gАлександр
801 0 _aRU
_bNLR
_c20090914
_gpsbo
801 1 _aRU
_bProSoft-M
_c20090914
_2rusmarc
801 2 _aRU
_bNLR
_c20100918
_2rusmarc
852 _aNLR
_j18.146.2.212
942 _cBOOK
980 _aNB